MARC

LEADER 00000nam0a2200000 4500
001 276485
005 20231101234926.0
035 |a (RuTPU)RU\TPU\book\299757 
090 |a 276485 
100 |a 20141124d1986 k y0rusy50 ca 
101 0 |a rus 
102 |a UA 
105 |a y z 001zy 
200 1 |a Численно-аналитические методы исследования решений краевых задач  |f А. М. Самойленко, Н. И. Ронто  |g Академия наук Украинской ССР (АН УССР), Институт проблем моделирования в энергетике (ИПМЭ) 
210 |a Киев  |c Наукова думка  |d 1986 
215 |a 224 с. 
320 |a Библиогр.: с. 209-219 
606 1 |a Дифференциальные уравнения  |x Решение  |x Численные методы  |2 stltpush  |3 (RuTPU)RU\TPU\subj\9701  |9 36882 
610 1 |a краевые задачи 
610 1 |a системы уравнений 
610 1 |a численно-аналитические методы 
610 1 |a метод коллокации 
610 1 |a численное исследование 
675 |a 519.62  |v 4 
700 1 |a Самойленко  |b А. М.  |g Анатолий Михайлович 
701 1 |a Ронто  |b Н. И.  |g Николай Иосифович 
712 0 2 |a Академия наук Украинской ССР (АН УССР)  |b Институт проблем моделирования в энергетике (ИПМЭ)  |c (Киев)  |2 stltpush  |3 (RuTPU)RU\TPU\col\7445 
801 1 |a RU  |b 63413507  |c 20141124 
801 2 |a RU  |b 63413507  |c 20170404  |g RCR 
942 |c BK